Countries Only Bordering Smaller Countries - Statistics

General Stats
  • This quiz has been taken 66 times
  • The average score is 13 of 14
Answer Stats
Continent Country % Correct
South America Brazil
97%
Africa Algeria
95%
North America Canada
95%
Europe Russia
95%
Africa South Africa
95%
Africa D.R. Congo
94%
North America Dominican Republic
92%
Asia Iran
90%
Europe United Kingdom
90%
Asia Saudi-Arabia
89%
Asia Indonesia
84%
North America Nicaragua
84%
Europe Sweden
84%
Africa Sudan
82%
No matching quizzes found
Score Distribution
Percent of People with Each Score
Percentile by Number Answered
Your Score History
You have not taken this quiz